000 00593nam a2200241 a 4500
001 nice12345678
003 IN_TiNIC
005 20260116013451.0
008 050524s1988 mala grp 000 0 eng
020 _a
_c125
082 0 0 _a297.82
_bKHO
100 _aKhomeini, Ayatullah
245 _aIslamic Government
260 _aMalapuram
_bIslamic Foundation Pres
_c1988
300 _a166p
500 _aincludes index and biblioraphy
505 2 _aindex
650 _aShiah-Doctrines-Political
700 1 _aKhomeini, Ayatullah
902 _bSRS
942 _cBK
999 _c11096
_d11096